000 00673nam a2200217Ii 4500
003 JO-AjNU
008 230605s9999||||xx |||||||||||||| ||und||
017 _a17526
020 _a977-379-041-3
040 _aJO-AjNU
_bara
_erda
_cJO-AjNU
041 _aara
050 1 4 _aHD30.2.S53
100 3 _aالصيرفي، محمد,
_eauthor
_943917
245 0 0 _aالادارة الالكترونية
264 3 1 _aالاسكندرية:دار الفكر الجامعي
300 _a802ص
336 _atext
_btxt
_2rdacontent
337 _aunmediated
_bn
_2rdamedia
338 _avolume
_bnc
_2rdacarrier
650 4 _aادارة اعمال-معالجة بيانات
_943918
999 _aA18919
_c22487
_d22487